000 00419nam a2200145 i 4500
001 52526
003 ES-MaACL
005 20230906162611.0
007 t|
008 030901s1915 it ||||1| ita d
100 1 _aDavignon, Henri.
_942927
245 1 3 _aIl Belgio a la Germania
_b: texti e documenti preceduti da una prefazione /
_cdi Henri Davignon.
260 _aRoma :
_b[s.n.,
_c1915]
852 _aES-MaACL
_j1502-F-9
999 _c52526
_d52526